[Event "La Punta Closed 2013"]
[Site "San Luis ARG"]
[Date "2013.05.24"]
[Round "1.4"]
[White "Martinez,Ay"]
[Black "Roselli Mailhe,B"]
[Result "0-1"]
[WhiteElo "2110"]
[BlackElo "2435"]

1.e4 e6 2.d4 d5 3.Nc3 Bb4 4.e5 b6 5.Qg4 Bf8 6.Bg5 Qd7 7.f4 Nc6 8.O-O-O Bb7
9.Kb1 f6 10.exf6 gxf6 11.Bh4 O-O-O 12.Qh3 Bg7 13.f5 e5 14.dxe5 Nxe5 15.Nge2 Ne7
16.Nd4 Rde8 17.Be2 h5 18.Ncb5 c6 19.Nc7 Kxc7 20.Ne6+ Kb8 21.Nxg7 Ref8 22.Rhf1 Nc8
23.Nxh5 Nd6 24.Bxf6 Rxf6 25.Nxf6 Qd8 26.Nh5 Ne4 27.Qe3 Qe8 28.f6 Nf7 29.h4 Ka8
30.g4 Nfd6 31.Qf3 Rf8 32.g5 c5 33.Nf4 d4 34.Qh5 Qa4 35.Qh6 Rc8 36.Rf3 Nc3+
37.Rxc3 dxc3 38.Rxd6 Qxf4 39.g6 Qxh6 40.bxc3 Qxg6 41.h5 Qg2 42.Bd3 Qh1+  0-1

[Event "La Punta Closed 2013"]
[Site "San Luis ARG"]
[Date "2013.05.29"]
[Round "6.2"]
[White "Lujan,C"]
[Black "Roselli Mailhe,B"]
[Result "1/2-1/2"]
[WhiteElo "2380"]
[BlackElo "2435"]

1.e4 e6 2.d4 d5 3.Nc3 Bb4 4.e5 b6 5.Bd2 Ne7 6.h4 Ba6 7.Nce2 Bxd2+ 8.Qxd2 c5
9.c3 Nbc6 10.h5 h6 11.f4 cxd4 12.cxd4 Rc8 13.g4 Qd7 14.Rh3 Na5 15.b3 Rc6
16.Rc1 Rxc1+ 17.Qxc1 Nac6 18.Rc3 f6 19.Nf3 O-O 20.exf6 Rxf6 21.Ne5 Nxe5 22.dxe5 Rf8
23.Nd4 Bxf1 24.Rc7 Rc8 25.Rxc8+ Nxc8 26.Kxf1 Ne7 27.Qc2 Kh8 28.Kf2 Kg8 29.f5 exf5
30.gxf5 Kh8 31.Kg3 Ng8 32.Qc6 Qe7 33.Ne6 Qb4 34.Qxd5 Qe1+ 35.Kf4 Qh4+ 36.Ke3 Qe1+
37.Kf4 Qh4+  1/2-1/2

[Event "Icelandic Open Championship 2013"]
[Site "Reykjavik ISL"]
[Date "2013.06.04"]
[Round "6.6"]
[White "Bjornsson,Si"]
[Black "Bjarnason,S"]
[Result "1-0"]
[WhiteElo "2397"]
[BlackElo "2130"]

1.e4 e6 2.d4 d5 3.Nc3 Bb4 4.e5 Ne7 5.a3 Bxc3+ 6.bxc3 c5 7.Nf3 Nbc6 8.a4 Qa5
9.Bd2 f6 10.Bb5 Bd7 11.O-O O-O 12.exf6 Rxf6 13.Ne5 Be8 14.c4 Qc7 15.cxd5 exd5
16.Ng4 Rf8 17.dxc5 Bg6 18.Bd3 Nf5 19.Ne3 Rad8 20.Nxf5 Bxf5 21.Bxf5 Rxf5 22.Qg4 Rdf8
23.Rae1 Qf7 24.Re2 Ne5 25.Qd4 Nc4 26.Bc1 Qc7 27.Rfe1 Qc6 28.Re6 Qxa4 29.Re7 R5f7
30.Qxd5 h6 31.Rxf7 Rxf7 32.Re7  1-0

[Event "2nd Grand Europe Open 2013"]
[Site "Golden Sands BUL"]
[Date "2013.06.12"]
[Round "3.57"]
[White "Kubik,M"]
[Black "Hassan,Ab"]
[Result "1-0"]
[WhiteElo "2153"]
[BlackElo "2363"]

1.e4 e6 2.d4 d5 3.Nc3 Bb4 4.e5 Ne7 5.a3 Bxc3+ 6.bxc3 b6 7.Qg4 Ng6 8.Bg5 Qd7
9.h4 h6 10.Bd2 h5 11.Qf3 Ba6 12.Bxa6 Nxa6 13.Bg5 c5 14.Ne2 Qa4 15.O-O Qxc2
16.Ng3 Ne7 17.Nxh5 Qh7 18.g4 Ng8 19.c4 Nc7 20.dxc5 bxc5 21.Rab1 g6 22.Nf6+ Nxf6
23.Qxf6 O-O 24.Qe7 Ne8 25.cxd5 exd5 26.Qxc5 Ng7 27.Qxd5 Ne6 28.Bf6 g5 29.hxg5 Rac8
30.Qh1 Rc4 31.Qxh7+ Kxh7 32.f3 Kg6 33.Rb4 Rxb4 34.axb4 Nxg5 35.f4 Ne4 36.Be7 Re8
37.f5+ Kh6 38.Rf4 Ng3 39.g5+ Kh5 40.g6 Ne2+ 41.Kf1 Nxf4 42.gxf7 Rc8 43.f8=Q Rxf8
44.Bxf8 Kg5 45.f6 Kg6 46.Bd6 Kf7 47.Kf2 Ke6 48.Ke3 Nd5+ 49.Kd4 Nb6 50.Kc5  1-0

[Event "27th Pula Open 2013"]
[Site "Pula CRO"]
[Date "2013.06.15"]
[Round "9.19"]
[White "Buchicchio,Giam"]
[Black "Fucak,E"]
[Result "1-0"]
[WhiteElo "2309"]
[BlackElo "2205"]

1.e4 e6 2.d4 d5 3.Nc3 Bb4 4.e5 b6 5.a3 Bf8 6.b4 Nh6 7.Nf3 c5 8.bxc5 bxc5
9.Bb5+ Bd7 10.Bd3 Nc6 11.dxc5 Ng4 12.Qe2 Bxc5 13.O-O h5 14.Nb5 Kf8 15.Bf4 Qb6
16.c4 a6 17.Nd6 dxc4 18.Nxc4 Qa7 19.Rad1 Rb8 20.h3 Nh6 21.Ng5 Ng8 22.Be3 Nd4
23.Qd2 Ba4 24.Rc1 Rd8 25.Nd6 Bxd6 26.exd6 e5 27.Rc7 Qb6 28.Rxf7+ Ke8 29.Bg6  1-0

[Event "2nd Grand Europe Open 2013"]
[Site "Golden Sands BUL"]
[Date "2013.06.16"]
[Round "7.53"]
[White "Kubik,M"]
[Black "Skomorokhin,R"]
[Result "0-1"]
[WhiteElo "2153"]
[BlackElo "2331"]

1.e4 e6 2.d4 d5 3.Nc3 Bb4 4.e5 Ne7 5.a3 Bxc3+ 6.bxc3 c5 7.Nf3 b6 8.Bb5+ Bd7
9.Bd3 Ba4 10.h4 Nd7 11.h5 c4 12.Be2 h6 13.O-O Qc7 14.Bf4 O-O-O 15.Re1 g6
16.Nh2 Rdg8 17.Bg4 Nf5 18.Bxf5 gxf5 19.g3 Nf6 20.Re3 Ne4 21.Nf1 Kb7 22.Qe2 a5
23.Kh2 Qe7 24.Rxe4 fxe4 25.Ne3 Ka7 26.Ra2 Qe8 27.Ng4 Qb5 28.Ra1 Qb2 29.Rc1 Qxc3
30.Nxh6 Rg7 31.g4 Qxd4 32.Kh3 Bc6 33.Qe1 c3 34.Rb1 Qc5 35.g5 d4 36.Qe2 Qd5
37.Rd1 Ba4  0-1

[Event "US Juniors 2013"]
[Site "Saint Louis USA"]
[Date "2013.06.16"]
[Round "3.3"]
[White "Sevian,Samuel"]
[Black "Xiong,Jeffrey"]
[Result "1/2-1/2"]
[WhiteElo "2390"]
[BlackElo "2370"]

1.e4 e6 2.d4 d5 3.Nc3 Bb4 4.e5 Qd7 5.a3 Bf8 6.Nce2 b6 7.Ng3 Ba6 8.Bxa6 Nxa6
9.N1e2 Ne7 10.h4 c5 11.h5 Nc6 12.c3 c4 13.Be3 Be7 14.Qc2 f5 15.exf6 gxf6
16.h6 Nc7 17.Nh5 O-O-O 18.Rd1 Rdf8 19.Rh3 e5 20.Rg3 e4 21.Nef4 Rhg8 22.Qe2 Rg5
23.Ng7 Nd8 24.Nfh5 Nf7 25.Bxg5 fxg5 26.Rh3 Nxh6 27.Ng3 Rf6 28.Rd2 Rg6 29.N7h5 Ne6
30.Rh1 Bd6 31.Nf1 Qf7 32.f3 e3 33.Qxe3 Nf4 34.Nxf4 Bxf4 35.Qf2 Bxd2+ 36.Nxd2 g4
37.Kd1 Qf5 38.Re1 Re6 39.Rxe6 Qxe6 40.Qe2 Kd7 41.Qxe6+ Kxe6 42.Ke2 Kf5  1/2-1/2

[Event "16th Heraklion Open A 2013"]
[Site "Athens GRE"]
[Date "2013.06.17"]
[Round "2.8"]
[White "Kondopoulos,D"]
[Black "Papasimakopoulos,Alexandros"]
[Result "0-1"]
[WhiteElo "2037"]
[BlackElo "2229"]

1.e4 e6 2.d4 d5 3.Nc3 Bb4 4.e5 Ne7 5.Bd2 b6 6.f4 Bxc3 7.Bxc3 Ba6 8.Bxa6 Nxa6
9.Nf3 c5 10.O-O O-O 11.Qd3 cxd4 12.Ng5 Ng6 13.Bxd4 Nc5 14.Qh3 h6 15.Bxc5 bxc5
16.Nxe6 fxe6 17.Qxe6+ Kh7 18.f5 Nh4 19.f6 gxf6 20.exf6 Rb8 21.Rae1 Rb7 22.g3 Ng6
23.Qc6 Rc7 24.Qa6 Rcf7 25.Re6 Qb8 26.Qd3 Qxb2 27.Qf5 Qa3 28.Qxd5 Qc3 29.Qf5 Qd4+
30.Rf2 Rd8 31.Re7 Rf8 32.Rxf7+ Rxf7 33.h4 Qe5 34.Qd3 c4 35.Qf3 h5 36.Kg2 Kh6
37.Qc6 Qc7 38.Qe8 Rf8 39.Qe3+ Kh7 40.Rf5 Qc6+ 41.Kh2 Rxf6 42.Rxh5+ Kg8 43.Qxa7 Qf3
44.Qh7+ Kf8 45.Qh6+ Ke8 46.Rg5 Qf2+ 47.Kh3 Qf1+  0-1

[Event "17th Petr Izmailov"]
[Site "Tomsk RUS"]
[Date "2013.06.19"]
[Round "9.8"]
[White "Nukin,A"]
[Black "Tugarin,A"]
[Result "1-0"]
[WhiteElo "2361"]
[BlackElo "2178"]

1.e4 e6 2.d4 d5 3.Nc3 Bb4 4.e5 Ne7 5.a3 Bxc3+ 6.bxc3 c5 7.h4 Qc7 8.h5 h6
9.Nf3 b6 10.Bb5+ Bd7 11.Bd3 Ba4 12.Rh4 cxd4 13.Kf1 Qxc3 14.Rb1 Nbc6 15.Bb2 Qa5
16.Bxd4 Nf5 17.Bxf5 exf5 18.Qd3 Nxd4 19.Nxd4 Bd7 20.Nxf5 Bxf5 21.Qxf5 Qa6+
22.Kg1 Qc8 23.Qd3 Qc6 24.Rb5 Rd8 25.Rd4 O-O 26.Rbxd5 Rxd5 27.Rxd5 Qe6 28.Qd4 Qe7
29.a4 Rc8 30.Rd7 Qc5 31.Qe4 Re8 32.Rxa7 Qxe5 33.Qxe5 Rxe5 34.Ra8+ Kh7 35.Ra6 Rxh5
36.Rxb6 Rc5 37.Rb2 h5 38.Ra2 Ra5 39.Kf1 g5 40.Ke2 h4 41.f3 f5 42.c4 Kg6 43.Kd3 Kf6
44.Kc3 Ke6 45.Kb4 Ra8 46.c5 g4 47.a5 Kd7 48.Rd2+ Kc7 49.Re2 Rh8 50.Kb5 h3
51.gxh3 gxh3 52.Rh2 f4 53.a6 Rh6 54.a7 Kb7 55.Ra2 Ka8 56.c6 Rh8 57.c7 Rc8
58.Kc6 Rh8 59.Rd2 Rh6+ 60.Rd6  1-0

[Event "III Marcel Duchamp Boca Jun Op"]
[Site "Buenos Aires ARG"]
[Date "2013.06.20"]
[Round "1.3"]
[White "Alonso,S"]
[Black "Leonoff,L"]
[Result "1-0"]
[WhiteElo "2506"]
[BlackElo "1935"]

1.e4 e6 2.d4 d5 3.Nc3 Bb4 4.e5 Qd7 5.Bd2 b6 6.Nce2 Bf8 7.Nf3 Ba6 8.g3 c5
9.c3 Bd3 10.Nf4 Bxf1 11.Kxf1 Nc6 12.Kg2 c4 13.b3 Na5 14.h4 Rc8 15.Rb1 Ne7
16.Nh5 Kd8 17.Ng5 Nec6 18.Qf3 Rc7 19.Nf6 Qe7 20.Nfxh7 Kc8 21.b4 Nb7 22.h5 Nbd8
23.Nxf8 Qxf8 24.Rbe1 Kb7 25.Nh3 f6 26.Nf4 fxe5 27.dxe5 Rf7 28.Qe2 Ne7 29.Ng6 Nxg6
30.hxg6 Rd7 31.Rxh8 Qxh8 32.Qg4 Qe8 33.b5 Kb8 34.Rh1 Nb7 35.Rh7 Nc5 36.Qh5 Qc8
37.Bg5 Qb7 38.Qf3 a5 39.bxa6 Nxa6 40.Be3 Nc5 41.Kh2 Nd3 42.Bd4 Nc1 43.Qf8+ Qc8
44.Qb4 Qb7 45.Rh8+ Kc7 46.Bxb6+  1-0

[Event "HSG Open A 2013"]
[Site "Hilversum NED"]
[Date "2013.06.22"]
[Round "3.2"]
[White "Van Kampen,R"]
[Black "Miedema,D"]
[Result "1-0"]
[WhiteElo "2592"]
[BlackElo "2381"]

1.e4 e6 2.d4 d5 3.Nc3 Bb4 4.e5 Ne7 5.a3 Bxc3+ 6.bxc3 c5 7.h4 Nbc6 8.h5 Bd7
9.h6 gxh6 10.Nf3 Ng8 11.Bxh6 Nxh6 12.Rxh6 Qa5 13.Qd2 O-O-O 14.Rf6 Be8 15.Bd3 Rg8
16.g3 Rg4 17.Rh6 Qa4 18.dxc5 Qa5 19.Kf1 Qxc5 20.Re1 Ra4 21.Rxh7 Rxa3 22.Ng5 d4
23.Qf4 Rd7 24.c4 Ra5 25.Rh5 Qb4 26.Ne4 f5 27.Rh8 Re7 28.Nf6 Kd8 29.Qh4  1-0

[Event "V4 Liptov IM 2013"]
[Site "Liptovsky Mikulas SVK"]
[Date "2013.06.22"]
[Round "4.2"]
[White "Mazur,Ste"]
[Black "Hausner,I"]
[Result "1-0"]
[WhiteElo "2387"]
[BlackElo "2387"]

1.e4 e6 2.d4 d5 3.Nc3 Bb4 4.e5 Qd7 5.a3 Bxc3+ 6.bxc3 b6 7.a4 Ba6 8.Bxa6 Nxa6
9.Qg4 f5 10.Qh5+ Qf7 11.Qe2 Nb8 12.Nf3 Nc6 13.c4 Qd7 14.cxd5 Qxd5 15.c4 Qe4
16.Be3 f4 17.Bc1 Qxe2+ 18.Kxe2 Rd8 19.Rd1 g5 20.d5 exd5 21.cxd5 Nb4 22.Bb2 h6
23.d6 Rh7 24.a5 cxd6 25.axb6 axb6 26.exd6 Nc6 27.Rac1 Na7 28.Ne5 Nf6 29.Kf1 Nd7
30.Rc7 Nb5 31.Nc4 Rf7 32.Rd5 Nc5 33.Rc6 Na7 34.Rxb6 Na4 35.Ra6 Nxb2 36.Nxb2 Nc8
37.Nc4 Rfd7 38.Ke2 Kf7 39.Kf3 Kf6 40.h4 Ke6 41.Re5+ Kf6 42.hxg5+ hxg5 43.Kg4 Rg8
44.Rf5+ Ke6 45.Raa5 Rh7 46.Rxg5 Rd8 47.Rg6+ Kf7 48.Ne5+ Kf8 49.Ra8  1-0

[Event "TCh-MNE Prem 2013"]
[Site "Cetinje MNE"]
[Date "2013.06.24"]
[Round "1.6"]
[White "Kontic,D"]
[Black "Pejovic,J"]
[Result "1-0"]
[WhiteElo "2337"]
[BlackElo "2169"]

1.e4 e6 2.d4 d5 3.Nc3 Bb4 4.e5 Qd7 5.Nh3 b6 6.Nf4 Ba6 7.Qg4 Bf8 8.Nh5 g6
9.Bxa6 Nxa6 10.Qe2 Nb4 11.Nf6+ Nxf6 12.exf6 Nc6 13.Be3 Bb4 14.Qd3 Na5 15.O-O Bxc3
16.Qxc3 h5 17.b3 Nb7 18.Qd3 c5 19.Rfc1 cxd4 20.Bxd4 Nd6 21.Be5 Ne4 22.c4 Nc5
23.Qe3 dxc4 24.Rxc4 Qd3 25.Qxd3 Nxd3 26.Bd6 Nc5 27.b4 Na6 28.Be7 Kd7 29.Rd1+ Ke8
30.Rcd4  1-0

[Event "III Marcel Duchamp Boca Jun Op"]
[Site "Buenos Aires ARG"]
[Date "2013.06.28"]
[Round "8.11"]
[White "Benedetti,J"]
[Black "Rodriguez Vila,A"]
[Result "1-0"]
[WhiteElo "2200"]
[BlackElo "2467"]

1.e4 e6 2.d4 d5 3.Nc3 Bb4 4.e5 Ne7 5.a3 Bxc3+ 6.bxc3 b6 7.Qg4 Ng6 8.h4 h5
9.Qg3 Ba6 10.Bxa6 Nxa6 11.Bg5 Qd7 12.Ne2 Qa4 13.Qd3 c5 14.O-O Rc8 15.f4 cxd4
16.cxd4 Qc4 17.Qf3 Rc7 18.f5 exf5 19.c3 Nf8 20.Rae1 Ne6 21.Qxf5 Qc6 22.Nf4 Nxf4
23.Rxf4 Qe6 24.Qd3 Nb8 25.Ref1 Nc6 26.Qb5 O-O 27.Qe2 Qg6 28.Rf6 gxf6 29.Rxf6 Qb1+
30.Kh2 Qe4 31.Qxh5 Nxe5 32.dxe5 Qxe5+ 33.Kg1 Rxc3 34.Rf1 Rc2 35.Qg4 f5 36.Qh5 Qg7
37.Re1 Rc6 38.Re7 Qh8 39.Qd1 Rc5 40.Be3 Ra5 41.Bd4 Qh6 42.Qf3 Rf6 43.Qg3+ Qg6
44.Qc7 Rc5 45.Bxc5 bxc5 46.Qd8+ Rf8 47.Qxd5+ Rf7 48.Rxa7 c4 49.Qxf7+  1-0

[Event "Visma IMB 2013"]
[Site "Vaxjo SWE"]
[Date "2013.06.30"]
[Round "9.5"]
[White "Olofsson-Dolk,Mattis"]
[Black "Akesson,J"]
[Result "1-0"]
[WhiteElo "2093"]
[BlackElo "2317"]

1.e4 e6 2.d4 d5 3.Nc3 Bb4 4.e5 Ne7 5.a3 Bxc3+ 6.bxc3 b6 7.Qg4 Ng6 8.h4 h5
9.Qg3 Ba6 10.Bxa6 Nxa6 11.Ne2 Nb8 12.Nf4 Nxf4 13.Bxf4 Kf8 14.O-O Nc6 15.Bg5 Qd7
16.f4 Na5 17.Qd3 g6 18.Bf6 Rh7 19.a4 Rc8 20.Rfb1 Nc4 21.Rb4 Qc6 22.Qe2 Ke8
23.Qd3 Kd7 24.Qe2 Rb8 25.Kf2 Kc8 26.Qe1 Qd7 27.Qe2 c6 28.Rxc4 dxc4 29.Qxc4 Qd5
30.Qd3 Kb7 31.c4 Qa5 32.c3 Rhh8 33.Bxh8 Rxh8 34.Qc2 Rd8 35.Rb1 Kc7 36.Qb3 a6
37.Ke3 Rb8 38.Qb4 Qxb4 39.cxb4 b5 40.cxb5 cxb5 41.a5 Kd7 42.Rc1 f6 43.Rc5 Rf8
44.Ke4 fxe5 45.dxe5 Rd8 46.Rc3 Rb8 47.Rd3+ Ke7 48.Rd6 Rc8 49.Rxa6 Rc4+ 50.Ke3 Rxb4
51.Ra7+ Kd8 52.Rb7 Rb3+ 53.Kd4 Rb4+ 54.Kc5 Rxf4 55.Rxb5 Kc7 56.a6 Ra4 57.Rb7+ Kc8
58.Rb6 Ra5+ 59.Kd6 Ra2 60.Kxe6 Kc7 61.Rd6 Rxg2 62.a7 Kb7 63.Rd7+ Ka8 64.Kf6 g5
65.hxg5 h4 66.Rh7 Rf2+ 67.Ke6 Rg2 68.Rxh4 Rxg5 69.Ra4 Rh5 70.Kd6 Rh1 71.e6 Rd1+
72.Ke7 Rh1 73.Kd7 Rd1+ 74.Ke8 Rh1 75.e7 Rf1 76.Kd7 Rd1+ 77.Ke6 Re1+ 78.Kd6 Re2
79.Ra5 Rd2+ 80.Rd5  1-0

[Event "41st TCh-GRE"]
[Site "Rio (Achaia) GRE"]
[Date "2013.07.04"]
[Round "4.1"]
[White "Navara,D"]
[Black "Antic,De"]
[Result "1-0"]
[WhiteElo "2715"]
[BlackElo "2470"]

1.e4 e6 2.d4 d5 3.Nc3 Bb4 4.e5 Ne7 5.a3 Bxc3+ 6.bxc3 b6 7.Qg4 Ng6 8.h4 h5
9.Qd1 Qd7 10.Be2 Ba6 11.Bxh5 Qb5 12.Be2 Qa5 13.Bg5 Qxc3+ 14.Kf1 c5 15.Bxa6 Nxa6
16.Ne2 Qc4 17.c3 Nb8 18.Kg1 Nd7 19.h5 Ne7 20.Bxe7 Kxe7 21.Rh3 Rag8 22.Ng3 f6
23.Nf1 cxd4 24.exf6+ Nxf6 25.cxd4 Rc8 26.Ne3 Qc7 27.Qe2 Kf8 28.Ng4 Qc2 29.Qf3 Qf5
30.Nxf6 gxf6 31.Qe2 Rc2 32.Qe3 Rxh5 33.Rxh5 Qxh5 34.Qxe6 Qh4 35.Qf5 Qxd4
36.Re1 Rd2 37.Qc8+ Kg7 38.Re7+ Kg6 39.Qg8+ Kf5 40.Qh7+  1-0

[Event "41st TCh-GRE"]
[Site "Rio (Achaia) GRE"]
[Date "2013.07.05"]
[Round "5.3"]
[White "Iskos,A"]
[Black "Logothetis,S"]
[Result "1/2-1/2"]
[WhiteElo "2157"]
[BlackElo "2206"]

1.e4 e6 2.d4 d5 3.Nc3 Bb4 4.e5 Ne7 5.a3 Bxc3+ 6.bxc3 b6 7.h4 c5 8.h5 h6 9.a4 Qc7
10.Rh3 Ba6 11.Bxa6 Nxa6 12.Qe2 Nb8 13.Qb5+ Qc6 14.Ne2 Qxb5 15.axb5 a5 16.dxc5 bxc5
17.c4 Nd7 18.Rha3 Nxe5 19.Rxa5 Rxa5 20.Rxa5 O-O 21.cxd5 Nxd5 22.b6 Nxb6 23.Rxc5 Nec4
24.Nd4 Rd8 25.Nc6 Ra8 26.Ke2 Ra1 27.Bd2 Ra2 28.Nb4 Ra4 29.c3 Nd6 30.Rc6 Ndc4
31.Be3 Nxe3 32.Kxe3 Nd7 33.Rc8+ Kh7 34.Rc7 Nf6 35.Rxf7 Nxh5 36.Re7 Ra3 37.Kd2 Nf4
38.g3 Nd5 39.Nxd5 exd5 40.Rd7 Ra2+ 41.Ke3 Rc2 42.Rxd5  1/2-1/2

[Event "3rd SPAChess Open"]
[Site "Amsterdam NED"]
[Date "2013.07.06"]
[Round "1.7"]
[White "Rijnaarts,S"]
[Black "Smit,F"]
[Result "1-0"]
[WhiteElo "2360"]
[BlackElo "2103"]

1.e4 e6 2.d4 d5 3.Nc3 Bb4 4.e5 b6 5.a3 Bf8 6.b4 c6 7.Nf3 Nd7 8.Bd3 Be7 9.O-O a5
10.Rb1 axb4 11.axb4 c5 12.bxc5 bxc5 13.dxc5 Nxc5 14.Bb5+ Bd7 15.Nd4 Rc8 16.Qg4 g6
17.Ra1 Bxb5 18.Ndxb5 h5 19.Qd4 Nh6 20.Nd6+ Bxd6 21.exd6 f6 22.Bxh6 Rxh6 23.Ra7 Nd7
24.Re1  1-0

[Event "3rd SPAChess Open"]
[Site "Amsterdam NED"]
[Date "2013.07.07"]
[Round "2.4"]
[White "Dijkhuis,Tycho"]
[Black "Miedema,D"]
[Result "1-0"]
[WhiteElo "2152"]
[BlackElo "2394"]

1.e4 e6 2.d4 d5 3.Nc3 Bb4 4.e5 Ne7 5.a3 Bxc3+ 6.bxc3 c5 7.Qg4 O-O 8.Bd3 Nbc6
9.Bg5 Qa5 10.Ne2 Ng6 11.O-O c4 12.Bxg6 fxg6 13.a4 Qc7 14.Bc1 Qf7 15.Ba3 Rd8
16.f3 Bd7 17.Rfb1 b6 18.Kf2 Qe8 19.h4 Na5 20.Nf4 Bxa4 21.Rb2 Bd7 22.Rh1 Nc6
23.h5 gxh5 24.Rxh5 Ne7 25.Rb1 Nf5 26.Rbh1 h6 27.Rxh6 Nxh6 28.Rxh6  1-0

[Event "e2e4 Sunningdale July Open"]
[Site "Ascot ENG"]
[Date "2013.07.07"]
[Round "5"]
[White "Fernandez,Michael"]
[Black "Dydak,Mateusz"]
[Result "1-0"]
[WhiteElo "1899"]
[BlackElo "1892"]

1.e4 e6 2.d4 d5 3.Nc3 Bb4 4.e5 Ne7 5.Qg4 c5 6.a3 Bxc3+ 7.bxc3 O-O 8.Bg5 Qc7
9.Ne2 cxd4 10.cxd4 Nf5 11.c3 b6 12.Rc1 Ba6 13.c4 dxc4 14.Ng3 Nd7 15.Nxf5 exf5
16.Qxf5 b5 17.Rc3 Bc8 18.Qe4 Bb7 19.Qh4 Rfe8 20.Be2 Nxe5 21.Qg3 Nd3+ 22.Rxd3 Rxe2+
23.Kxe2 cxd3+ 24.Qxd3 Bd5 25.Kd2 Bc4 26.Qc3 f6 27.Be3 Qc6 28.f3 Rc8 29.Rc1 Qd6
30.g3 Qd5 31.Bf2 Qf5 32.Qe3 Qh5 33.Re1 Qxh2 34.Kc1 Qh5 35.Kb2 a5 36.g4 Qd5
37.Qe4 Qd6 38.Rc1 b4 39.a4 b3 40.d5 Qa6 41.f4 h6 42.Be1 Kf7 43.Bxa5 Kf8 44.Qf5 Re8
45.Bb4+ Kg8 46.Bd2 Bd3 47.Qd7 Re2 48.Qc8+ Kh7 49.Qxa6 Bxa6 50.Kc3 Kg6 51.Rb1 Rg2
52.Rxb3 Rxg4 53.Kd4 h5 54.Rb8 Rg2 55.Be3 Ra2 56.d6 Rxa4+ 57.Kc5 Ra3 58.Kc6 Ra4
59.d7 Rc4+ 60.Bc5 Rxf4  1-0

[Event "Styrian Open A 2013"]
[Site "Bad Gleichenberg AUT"]
[Date "2013.07.07"]
[Round "2.2"]
[White "Brkic,A"]
[Black "Eichhorn,An"]
[Result "1-0"]
[WhiteElo "2572"]
[BlackElo "2340"]

1.e4 e6 2.d4 d5 3.Nc3 Bb4 4.e5 Ne7 5.a3 Bxc3+ 6.bxc3 b6 7.Qg4 Ng6 8.h4 h5
9.Qd1 Qd7 10.Be2 Ba6 11.Bxh5 Qb5 12.Be2 Qa5 13.Bd2 Rxh4 14.Rxh4 Nxh4 15.g3 Nf5
16.a4 Bxe2 17.Qxe2 g6 18.g4 Ne7 19.Nh3 Nbc6 20.Ng5 O-O-O 21.Nxf7 Rf8 22.Ng5 Nd8
23.c4 Qa6 24.cxd5 Qb7 25.dxe6 Qh1+ 26.Qf1 Qd5 27.c3 Nxe6 28.Nxe6 Qxe6 29.Qg2 c6
30.Qe4 Qc4 31.Qe2 Qd5 32.Be3 Qh1+ 33.Qf1 Qe4 34.c4 Qxg4 35.Kd2 Nf5 36.Qg1 Qh4
37.Qxg6 Nxd4 38.Kc3 Rd8 39.Kb2 c5 40.Rg1 Kb8 41.Qf6 Qxf6 42.exf6 Ne6 43.f7 Kc7
44.Rg8 Kd7 45.Bh6 Ke7 46.Rxd8  1-0

[Event "Pacific Southwest Op"]
[Site "Los Angeles USA"]
[Date "2013.07.07"]
[Round "5"]
[White "Ronchetti,N"]
[Black "Remlinger,L"]
[Result "1-0"]
[WhiteElo "2450"]
[BlackElo "2302"]

1.e4 e6 2.d4 d5 3.Nc3 Bb4 4.e5 Ne7 5.Qg4 c5 6.dxc5 Nbc6 7.Bd2 Nf5 8.Nf3 Bxc5
9.Bd3 h5 10.Qf4 Nce7 11.Nh4 Nxh4 12.Qxh4 Bd7 13.O-O Qc7 14.b4 Bb6 15.Nb5 Bxb5
16.Bxb5+ Kf8 17.Bd3 Qxe5 18.c3 Qd6 19.Rad1 Rc8 20.Kh1 Nc6 21.f4 Qe7 22.Qh3 g6
23.f5 gxf5 24.Bxf5 exf5 25.Qxf5 Rc7 26.Rde1 Qd7 27.Qf6 Rh7 28.Qg6 Rh8 29.Bh6+ Rxh6
30.Qxh6+ Kg8 31.Qg5+ Kf8 32.Qxh5  1-0

[Event "Styrian Open A 2013"]
[Site "Bad Gleichenberg AUT"]
[Date "2013.07.08"]
[Round "3.1"]
[White "Perunovic,Mil"]
[Black "Tratar,M"]
[Result "1/2-1/2"]
[WhiteElo "2620"]
[BlackElo "2495"]

1.e4 e6 2.d4 d5 3.Nc3 Bb4 4.e5 Ne7 5.a3 Bxc3+ 6.bxc3 b6 7.Qg4 Kf8 8.a4 Ba6
9.Bxa6 Nxa6 10.Qe2 Nb8 11.Nf3 Nbc6 12.Ba3 Na5 13.Nd2 Kg8 14.O-O h5 15.Bxe7 Qxe7
16.c4 Nxc4 17.Nxc4 dxc4 18.Qxc4 Rd8 19.a5 g6 20.c3 c5 21.axb6 axb6 22.Ra6 cxd4
23.cxd4 Rb8 24.Rb1 Qd8 25.Ra7 Rc8 26.Qa4 b5 27.Qxb5 Kg7 28.Qa6 Qd5 29.h3 Rhf8
30.Qd6 Qxd6 31.exd6 Rc4 32.Re1 Rxd4 33.Rxe6 Kg8 34.Rf6 Kg7  1/2-1/2

[Event "23rd Heart of FIN"]
[Site "Jyvaskyla FIN"]
[Date "2013.07.09"]
[Round "3.7"]
[White "Marjusaari,E"]
[Black "Karttunen,M"]
[Result "0-1"]
[WhiteElo "2064"]
[BlackElo "2457"]

1.e4 e6 2.d4 d5 3.Nc3 Bb4 4.e5 Ne7 5.Bd2 b6 6.Nf3 Qd7 7.Nb5 Bxd2+ 8.Qxd2 h6
9.Bd3 Ba6 10.a4 O-O 11.O-O c6 12.Nd6 Nc8 13.Nxc8 Rxc8 14.b4 Bxd3 15.Qxd3 a5
16.c3 Qe7 17.Rfb1 Nd7 18.g3 Rc7 19.Kg2 Rca7 20.b5 c5 21.Rc1 Rd8 22.Ra2 Rc7
23.Rac2 Nf8 24.h4 f5 25.exf6 gxf6 26.Qe3 Qh7 27.c4 Rdc8 28.Rc3 e5 29.dxe5 d4
30.Nxd4 cxd4 31.Qxd4 Rc5 32.exf6 Qd7 33.Qf4 h5 34.Kh2 Qf5 35.Qd4 Ne6 36.Qe3 Qxf6
37.Kg1 Ng7 38.Qe4 Re8 39.Qb7 Re7 40.Qb8+ Re8 41.Qb7 Rf8 42.R1c2 Qd6 43.Qe4 Re8
44.Qf3 Qg6 45.Rd2 Qe4 46.Qxe4 Rxe4 47.Rd6 Re6 48.Rd8+ Kf7 49.Rf3+ Nf5 50.Rh8 Kg7
51.Rb8 Nd4 52.Rb7+ Kg6 53.Re3 Rf6 54.Ree7 Kf5 55.Rbc7 Rxc7 56.Rxc7 Ne6 57.Rh7 Kg6
58.Rd7 Nc5 59.Rd5 Nxa4 60.Rg5+ Kh6 61.Kf1 Nc5 62.Ke2 a4 63.Rg8 Re6+ 64.Kd2 Re4
65.Kc3 Re2 66.Rb8 Re6 67.Kb4 Kg7 68.f3 Kf6 69.g4 Kg6 70.Rg8+ Kf7 71.Rb8 Kg7
72.g5 Kg6 73.Rg8+ Kf7 74.Rb8 Kg7 75.f4 Nd3+ 76.Kxa4 Nxf4 77.Kb4 Ng6 78.Rb7+ Kg8
79.Rb8+ Kf7 80.Rb7+ Ke8 81.Rh7 Nf4 82.Kc3 Rd6 83.c5 Ne2+ 84.Kb2 bxc5 85.Rxh5 c4
86.Rh8+ Kd7 87.Rh7+ Kd8 88.Rh8+ Kc7 89.Kc2 c3 90.Rh7+ Kd8 91.Rh8+ Ke7 92.Rh7+ Kf8
93.Kb3 Rb6 94.Rh8+ Kg7 95.Re8 Rxb5+ 96.Kc2 Rb2+ 97.Kd3 c2 98.Re7+ Kf8 99.Rc7 c1=Q  0-1

[Event "6th ch-Cent SRB Int 2013"]
[Site "Paracin SRB"]
[Date "2013.07.11"]
[Round "8.14"]
[White "Sarenac,D"]
[Black "Strzemiecki,Z"]
[Result "0-1"]
[WhiteElo "2311"]
[BlackElo "2431"]

1.e4 e6 2.d4 d5 3.Nc3 Bb4 4.e5 Ne7 5.a3 Bxc3+ 6.bxc3 c5 7.Qg4 O-O 8.Bd3 f5
9.exf6 Rxf6 10.Bg5 Rf7 11.Qh5 g6 12.Qd1 Nbc6 13.Nf3 Qf8 14.O-O c4 15.Be2 h6
16.Bc1 Bd7 17.a4 Qg7 18.Ba3 g5 19.Bd6 Ng6 20.h3 Rd8 21.Qc1 Be8 22.Qa3 Nf4
23.Bd1 h5 24.Ne5 Nxe5 25.Bxe5 Qg6 26.Kh2 Qe4 27.Bf3 Qf5 28.Bd1 Rh7 29.Bxf4 Qxf4+
30.g3 Qd6 31.Qc1 Bg6 32.Qe3 Rf8 33.a5 g4 34.h4 Be4 35.Rb1 Rhf7 36.Kg1 Kh7
37.Rb2 Qd8 38.Rb5 Qd7 39.Rb4 Qc7 40.Be2 Rf5 41.Rb5 R8f7 42.Rc5 Qb8 43.Rxc4 dxc4
44.Qxe4 Qc8 45.f3 gxf3 46.Rxf3 Qc6 47.Qxc6 bxc6 48.Rxf5 Rxf5 49.a6 Kg7 50.Kg2 Ra5
51.Bxc4 Ra3 52.Kf3 Rxc3+ 53.Bd3 Kf6 54.Ke4 Ra3 55.Be2 Rxg3 56.Bxh5 Rh3 57.Bf3 Rxh4+
58.Ke3 c5 59.dxc5 Ke5 60.c6 Kd6 61.Be4 Rh3+ 62.Kd4 Ra3 63.Bd3 Ra4+ 64.c4 e5+
65.Ke4 Kxc6 66.Kxe5 Kc5 67.Ke4 Rxa6 68.Ke3 Ra4  0-1

[Event "ch-BEL Open 2013"]
[Site "Antwerp BEL"]
[Date "2013.07.12"]
[Round "7.25"]
[White "Gorts,S"]
[Black "Van Herck,M"]
[Result "0-1"]
[WhiteElo "1932"]
[BlackElo "2104"]

1.e4 e6 2.d4 d5 3.Nc3 Bb4 4.e5 b6 5.a3 Bf8 6.Nf3 Ba6 7.Bxa6 Nxa6 8.Qd3 Nb8
9.Bg5 Qd7 10.O-O h6 11.Be3 Ne7 12.b4 Nf5 13.Ne2 Be7 14.Bd2 c5 15.dxc5 bxc5
16.g4 c4 17.Qc3 Nh4 18.Ned4 Nxf3+ 19.Qxf3 Nc6 20.Nxc6 Qxc6 21.Bc3 O-O 22.Rfe1 f6
23.Qe3 fxe5 24.Bxe5 Bf6 25.f4 Bxe5 26.fxe5 Rf7 27.Qd4 Raf8 28.Rf1 Qa4 29.Qc3 Rf4
30.h3 Qc6 31.Rxf4 Rxf4 32.Qe3 g5 33.Qxa7 d4 34.Rf1 Rxf1+ 35.Kxf1 Qf3+ 36.Kg1 Qg3+
37.Kf1 Qxh3+ 38.Ke1 Qe3+ 39.Kf1 Qc1+ 40.Kf2 Qxc2+ 41.Kg1 Qd1+ 42.Kf2 Qd2+
43.Kg1 Qe3+ 44.Kf1 Qf4+ 45.Kg2 Qxg4+ 46.Kf1 d3 47.Qb8+ Kf7 48.Qc7+ Kg6 49.Qd6 Qf5+
50.Ke1 c3 51.b5 d2+ 52.Kd1 Qb1+ 53.Ke2 Qe1+  0-1

[Event "120th ch-SCO 2013"]
[Site "Helensburgh SCO"]
[Date "2013.07.12"]
[Round "7.16"]
[White "Koehn,Lennart"]
[Black "Smith,Stephen H"]
[Result "0-1"]
[WhiteElo "1682"]
[BlackElo "1802"]

1.e4 e6 2.d4 d5 3.Nc3 Bb4 4.e5 Ne7 5.a3 Bxc3+ 6.bxc3 c5 7.Bg5 Nbc6 8.Nf3 Qc7
9.Be2 Bd7 10.O-O O-O-O 11.Bb5 h6 12.Be3 c4 13.Bxc6 Bxc6 14.Ne1 g5 15.f4 Nf5
16.Qe2 Rdg8 17.Kh1 g4 18.Kg1 h5 19.Qd2 h4 20.Bf2 g3 21.hxg3 hxg3 22.Be3 f6
23.Rf3 Qh7 24.Kf1 Nh4 25.exf6 Nxf3 26.Nxf3 Qf5 27.Ne5 Qxf6 28.Nxc6 bxc6 29.Rb1 Rh7
30.Re1 Rh1+ 31.Ke2 Rxe1+ 32.Qxe1 Qf5 33.Qd2 Qe4 34.Kf1 Kd7 35.Qe2 Rb8  0-1

[Event "Corporation Cup 2013"]
[Site "Izhevsk RUS"]
[Date "2013.07.12"]
[Round "1.8"]
[White "Gabrielian,A"]
[Black "Sabaev,E"]
[Result "1-0"]
[WhiteElo "2544"]
[BlackElo "2214"]

1.e4 e6 2.d4 d5 3.Nc3 Bb4 4.e5 Qd7 5.Qg4 f5 6.Qg3 b6 7.Nh3 Nc6 8.Bb5 Bb7
9.a3 Bf8 10.Nf4 a6 11.Bxc6 Bxc6 12.Qh4 Qf7 13.Nd3 Ne7 14.a4 a5 15.Qg3 Bb7
16.Nb5 Nc6 17.c3 Ba6 18.b3 O-O-O 19.O-O h6 20.Be3 g5 21.f4 Be7 22.Qf2 Kb8
23.Rfc1 Rd7 24.Rc2 g4 25.Qd2 Rc8 26.Rb1 Bb7 27.Qc1 Qf8 28.Bf2 h5 29.Qe1 Qd8
30.Be3 Qf8 31.b4 Qe8 32.Rcb2 Qf8 33.Nc1 h4 34.Bd2 h3 35.g3 Re8 36.Ra1 Rc8
37.Qe2 Ba6 38.Nb3 axb4 39.a5 bxa5 40.Nxa5 Nxa5 41.Rxa5 Bb7 42.Na7 c5 43.Nxc8 Qxc8
44.Qb5 cxd4 45.cxd4 Rc7 46.Rba2 Rc1+ 47.Kf2  1-0